The noble scholar, jurist, historian


 His Excellency Dr. Abdul Wahhab bin Ibrahim Abu Sulaiman, may Allah have mercy on him.


 He was born in Umm Al-Qura in the year 1356 AH.

حلية البشر في تاريخ القرن الثالث عشر / (Record no. 8390)

MARC details
000 -LEADER
fixed length control field 02769cam a22003491i 4500
003 - CONTROL NUMBER IDENTIFIER
control field SA-RiAUC
005 - DATE AND TIME OF LATEST TRANSACTION
control field 20250527065150.0
008 - FIXED-LENGTH DATA ELEMENTS--GENERAL INFORMATION
fixed length control field 250527s1961 sy g f00010cara c
020 ## - INTERNATIONAL STANDARD BOOK NUMBER
International Standard Book Number 5002
040 ## - CATALOGING SOURCE
Original cataloging agency SA-RiAUC
Language of cataloging ara
Transcribing agency SA-RiAUC
Description conventions rda
050 #4 - LIBRARY OF CONGRESS CALL NUMBER
Item number B39 1961
082 04 - DEWEY DECIMAL CLASSIFICATION NUMBER
Classification number 920.009022
Assigning agency SA-RiAUC
090 ## - LOCALLY ASSIGNED LC-TYPE CALL NUMBER (OCLC); LOCAL CALL NUMBER (RLIN)
Classification number (OCLC) (R) ; Classification number, CALL (RLIN) (NR) 920.009022
Local cutter number (OCLC) ; Book number/undivided call number, CALL (RLIN) ب ي ط
100 1# - MAIN ENTRY--PERSONAL NAME
Personal name البيطار، عبد الرزاق بن حسن بن إبراهيم،
Dates associated with a name 1253-1335 هجري
Relator term مؤلف.
245 10 - TITLE STATEMENT
Title حلية البشر في تاريخ القرن الثالث عشر /
Statement of responsibility, etc. تأليف عبد الرزاق البيطار ؛ تحقيق محمد بهجة البيطار.
250 ## - EDITION STATEMENT
Edition statement الطبعة الأولى.
264 #1 - PRODUCTION, PUBLICATION, DISTRIBUTION, MANUFACTURE, AND COPYRIGHT NOTICE
Place of production, publication, distribution, manufacture دمشق :
Name of producer, publisher, distributor, manufacturer مجمع اللغة العربية،
Date of production, publication, distribution, manufacture, or copyright notice 1961
300 ## - PHYSICAL DESCRIPTION
Extent 3 مجلد ؛
Dimensions 24 سم.
336 ## - CONTENT TYPE
Content type term نص
Content type code txt
Source rdacontent
Materials specified كتاب
337 ## - MEDIA TYPE
Media type term بدون وسيط
Media type code n
Source rdamedia
338 ## - CARRIER TYPE
Carrier type term مجلد
Carrier type code nc
Source rdacarrier
490 0# - SERIES STATEMENT
Series statement مطبوعات المجمع العلمي العربي بدمشق
590 ## - LOCAL NOTE (RLIN)
Local note غير مكتمل (موجود مجلد 1-2)
650 #7 - SUBJECT ADDED ENTRY--TOPICAL TERM
Topical term or geographic name entry element المسلمون
Chronological subdivision قرن 19
Form subdivision تراجم
Source of heading or term aucsh
651 #7 - SUBJECT ADDED ENTRY--GEOGRAPHIC NAME
Geographic name البلاد الإسلامية
Chronological subdivision قرن 19
Form subdivision تراجم
-- دوائر معارف
Source of heading or term aucsh
700 1# - ADDED ENTRY--PERSONAL NAME
Personal name البيطار، محمد بهجت،
Dates associated with a name 1894-1976
Relator term محقق.
700 12 - ADDED ENTRY--PERSONAL NAME
Relationship information تحقيق لـ :
Personal name البيطار، عبد الرزاق بن حسن بن إبراهيم،
Dates associated with a name 1837-1916.
Title of a work حلية البشر في تاريخ القرن الثالث عشر
856 ## - ELECTRONIC LOCATION AND ACCESS
Uniform Resource Identifier <a href="http://www.alwaraq.net/Core/AlwaraqSrv/bookpage?book=287&amp;option=1&fkey=2&page=1">http://www.alwaraq.net/Core/AlwaraqSrv/bookpage?book=287&amp;option=1&fkey=2&page=1</a>
Link text Digital Copy
Access method نرجو الانتباه لإمكانية وجود اختلاف في الطبعة أو الناشر بين البيانات على البوابة وما ستجده على الكتاب نظرا لمحدودية المعلومات المتاحة على الموقع الناشر للمادة.
Materials specified Please note that there may be a difference in the edition or publisher between the data on the portal and the book due to the limited information available on the publisher website for the material.
856 ## - ELECTRONIC LOCATION AND ACCESS
Uniform Resource Identifier <a href="http://www.alwaraq.net/Core/waraq/coverpage?bookid=287&amp;option=1">http://www.alwaraq.net/Core/waraq/coverpage?bookid=287&amp;option=1</a>
Link text External Link
Access method نرجو الانتباه لإمكانية وجود اختلاف في الطبعة أو الناشر بين البيانات على البوابة وما ستجده على الكتاب نظرا لمحدودية المعلومات المتاحة على الموقع الناشر للمادة.
Materials specified Please note that there may be a difference in the edition or publisher between the data on the portal and the book due to the limited information available on the publisher website for the material.
942 ## - ADDED ENTRY ELEMENTS (KOHA)
Source of classification or shelving scheme Dewey Decimal Classification
Koha item type Books
Suppress in OPAC No
949 ## - LOCAL PROCESSING INFORMATION (OCLC)
a SA-JeALM
d 250527
u eid123
n 1
Holdings
Withdrawn status Lost status Source of classification or shelving scheme Materials specified (bound volume or other part) Damaged status Not for loan Home library Current library Date acquired Total checkouts Full call number Barcode Date last seen Price effective from Koha item type
    Dewey Decimal Classification الجزء الاول     DR AbdElwahab Library DR AbdElwahab Library 05/27/2025   920.009022 ب ي ط 000014057 05/27/2025 05/27/2025 Books
    Dewey Decimal Classification الجزء الثاني     DR AbdElwahab Library DR AbdElwahab Library 05/27/2025   920.009022 ب ي ط 000014058 05/27/2025 05/27/2025 Books
    Dewey Decimal Classification الجزء الثالث     DR AbdElwahab Library DR AbdElwahab Library 05/27/2025   920.009022 ب ي ط 000014059 05/27/2025 05/27/2025 Books